000 00490nam a2200181Ia 4500
005 20250423095222.0
008 250422s9999 xx 000 0 und d
020 _a0840315937
100 _aVinson, Gerald E.
245 0 _aEngineering graphics : communication, analysis, creative design
250 _a5th ed.
260 _aDubuque
260 _bKendall/Hunt Pub. Co.
260 _cc1977
300 _a429 p
650 _aEngineering graphics. Mühendislik grafikleri.
942 _cBK
999 _c29604
_d29604